000 00260nam a2200109Ia 4500
008 190914s9999||||xx |||||||||||||| ||und||
100 _aRichard R. Daft
245 0 _aUnderstanding Management
260 _aDelhi
_bViva Books
_c1998
300 _a384
942 _cBK
999 _c8901
_d8901